000 01311nam a22002417a 4500
999 _c58594
_d58594
003 Ge_BSU
005 20220610110407.0
008 220610s2017 ge ||||| |||| 00| 0 geo d
020 _a9789941096174
041 _ageo
080 _a336.763 მ-86
100 _aმოსიაშვილი, ვალერი
_913903
245 _aფინანსური ინსტიტუტები და ბაზრები = Financial Institutions and markets = Финансовые Институты и Рынки /
_c ვალერი მოსიაშვილი, მედეა ჭელიძე, ნინო ხიდირბეგიშვილი ; მეცნიერ-რედაქტორი გიორგი ცაავა
264 _aთბილისი,
_c2017.
300 _a460 გვ.
_b30 სმ.
504 _aბიბლიოგრ. გვ. 455-457
653 _aფინანსური ბაზარი
653 _aეკონომიკა
700 _aჭელიძე, მედეა
_eავტორი
_914029
700 _aხიდირბეგიშვილი, ნინო
_eავტორი
_914030
700 _aცაავა, გიორგი
_eმეცნიერ-რედაქტორი
_913902
942 _2udc
_cBK